| 000 | 00684nam a22002177a 4500 | ||
|---|---|---|---|
| 003 | DO-SdBNP | ||
| 005 | 20240307073943.0 | ||
| 007 | ta | ||
| 008 | 210920b 2016 dr 00| 0 eng d | ||
| 020 | _a9789945472639 | ||
| 040 |
_aDO-SdBNP _bspa _cBNPHU |
||
| 082 | 4 | _aBNPHU | |
| 110 | 2 |
_aInstituto Tecnológico de Santo Domingo _978911 |
|
| 245 |
_aReglamento de grupos de investigación : _baprobado por el Consejo Académico mediante resolución No. 20160119-02/04 del 19 de enero de 2016 |
||
| 260 |
_aSanto Domingo : _bINTEC, _c2016. |
||
| 300 |
_a26 p. ; _c22 cm. |
||
| 504 | _aBibliográfias : p. 24-26 | ||
| 590 | _aInventariado, 2021/BT | ||
| 910 | _aBtavárez | ||
| 942 |
_2ddc _cLBS1 |
||
| 999 |
_c50591 _d50591 |
||